[Event "Titled Tue 17th Jun Early"]
[Site "chess.com INT"]
[Date "2025.06.17"]
[Round "5"]
[White "Sarquis, Maria Belen"]
[Black "Winkels, Marcel"]
[Result "1-0"]
[WhiteTitle "WIM"]
[BlackTitle "CM"]
[WhiteElo "2156"]
[BlackElo "1905"]
[WhiteFideId "111805"]
[BlackFideId "1003887"]
[EventDate "2025.06.17"]

1. e4 d6 2. d4 Nf6 3. Nc3 g6 4. Nf3 Bg7 5. Bd3 O-O 6. O-O Bg4 7. h3 Bxf3 8. Qxf3
Nc6 9. Be3 e5 10. d5 Ne7 11. g4 h5 12. Kg2 Qd7 13. Bg5 hxg4 14. hxg4 Nh7 15. Bd2
Nf6 16. Kg3 c6 17. Rh1 cxd5 18. exd5 Rfe8 19. Ne4 Nexd5 20. g5 Nxe4+ 21. Bxe4
Ne7 22. Bxb7 Nf5+ 23. Kg2 Nd4 24. Qe4 Rab8 25. Bd5 Rxb2 26. Qxg6 Qg4+ 27. Kf1
Qe2+ 28. Kg2 Qxd2 29. Qxf7# 1-0

[Event "Titled Tue 17th Jun Early"]
[Site "chess.com INT"]
[Date "2025.06.17"]
[Round "5"]
[White "Bruhovich, Olexandr"]
[Black "Oppezzo, Sebastian"]
[Result "1-0"]
[WhiteTitle "CM"]
[WhiteElo "2208"]
[BlackElo "2177"]
[WhiteFideId "14119919"]
[BlackFideId "112321"]
[EventDate "2025.06.17"]

1. e4 g6 2. Nc3 Bg7 3. d4 d6 4. f4 Nf6 5. Nf3 c5 6. Be3 cxd4 7. Bxd4 Nc6 8. Bg1
O-O 9. Qd2 Qa5 10. h3 Bd7 11. Bf2 Rac8 12. Bd3 Nb4 13. O-O Nxd3 14. cxd3 b5 15.
Nd5 Qd8 16. Nxf6+ Bxf6 17. e5 Bg7 18. Bxa7 Qc7 19. Bd4 Qc2 20. Qxc2 Rxc2 21. Rf2
Rfc8 22. Bc3 Rxf2 23. Kxf2 b4 24. Bxb4 Rc2+ 25. Kg1 Rxb2 26. a3 dxe5 27. fxe5
Bc6 28. d4 e6 29. Rc1 Bxf3 30. Rc8+ Bf8 31. Rxf8+ Kg7 32. gxf3 Rxb4 33. Rxf7+
Kxf7 34. axb4 Ke7 35. Kf2 Kd7 36. Ke3 Kc6 37. Kd3 Kb5 38. d5 exd5 39. Kd4 Kc6
40. b5+ Kxb5 41. Kxd5 1-0

[Event "Titled Tue 17th Jun Early"]
[Site "chess.com INT"]
[Date "2025.06.17"]
[Round "5"]
[White "Medina, VInce Angelo"]
[Black "Iniyan, Pa"]
[Result "0-1"]
[BlackTitle "GM"]
[WhiteElo "2138"]
[BlackElo "2573"]
[WhiteFideId "5205069"]
[BlackFideId "25002767"]
[EventDate "2025.06.17"]

1. d4 Nf6 2. Bg5 g6 3. Bxf6 exf6 4. e3 Bg7 5. g3 f5 6. Bg2 O-O 7. Ne2 d6 8. O-O
c6 9. c4 Nd7 10. Nbc3 Re8 11. h4 Nf6 12. Nf4 Ng4 13. a4 Bd7 14. a5 Rb8 15. Qc2
b6 16. axb6 Qxb6 17. Ra2 Nxe3 18. fxe3 Rxe3 19. Kh2 Bxd4 20. Nce2 Be5 21. Rfa1
Rb3 22. Nd3 Qe3 23. Nxe5 dxe5 24. Ra3 f4 25. Rxb3 Rxb3 26. Ra3 Rxa3 27. bxa3 f3
28. Bxf3 Qxf3 29. Ng1 Qxa3 30. Qd2 Bf5 31. Ne2 Qd3 32. Qb2 Qd6 33. Ng1 Be4 34.
Nh3 Qd4 35. Qb8+ Kg7 36. Ng5 Qf2+ 0-1

[Event "Titled Tue 17th Jun Early"]
[Site "chess.com INT"]
[Date "2025.06.17"]
[Round "5"]
[White "Kukushkin, Ivan"]
[Black "Mai, Alexander Oliver"]
[Result "1/2-1/2"]
[WhiteTitle "CM"]
[BlackTitle "CM"]
[WhiteElo "2008"]
[BlackElo "2171"]
[WhiteFideId "11634103"]
[BlackFideId "2313391"]
[EventDate "2025.06.17"]

1. e4 c5 2. Nf3 d6 3. d4 cxd4 4. Nxd4 Nf6 5. f3 e5 6. Nb3 d5 7. Bg5 dxe4 8.
Qxd8+ Kxd8 9. Nc3 Be6 10. O-O-O+ Nd7 11. Nxe4 Be7 12. Bb5 Nxe4 13. Bxe7+ Kxe7
14. fxe4 Rhd8 15. Rd2 a6 16. Be2 Bxb3 17. axb3 Nc5 18. Rxd8 Rxd8 19. Bf3 a5 20.
Rd1 Rxd1+ 21. Kxd1 b5 22. Kd2 b4 23. Ke3 Kd6 24. Be2 a4 25. bxa4 Nxa4 26. b3 Nc3
27. Bc4 f6 28. h4 Kc5 29. Kd3 h6 30. Bf7 Na2 31. g4 Nc3 32. Be6 Na2 33. Ke3 Nc3
34. Bc4 Na2 35. Be6 Nc3 36. h5 Nd1+ 37. Ke2 Nc3+ 38. Kd3 Na2 39. Bf5 Nc3 40. Bg6
Na2 41. Bh7 Nc3 42. Bg8 Na2 43. Bc4 Nc3 44. Be6 Na2 45. Bf5 Nc3 1/2-1/2

[Event "Titled Tue 17th Jun Early"]
[Site "chess.com INT"]
[Date "2025.06.17"]
[Round "5"]
[White "Garcia Correa, Jose Ricardo"]
[Black "Madi, Aidana"]
[Result "1-0"]
[WhiteTitle "FM"]
[BlackTitle "WFM"]
[WhiteElo "2103"]
[BlackElo "1899"]
[WhiteFideId "5101832"]
[BlackFideId "13722689"]
[EventDate "2025.06.17"]

1. e4 c6 2. d4 d5 3. Nc3 dxe4 4. Nxe4 Nf6 5. Ng5 e6 6. N1f3 Nbd7 7. Bc4 h6 8.
Nh3 Bd6 9. Qe2 Nb6 10. Bb3 O-O 11. Bf4 Nbd5 12. Bxd6 Qxd6 13. O-O-O a5 14. g4 a4
15. Bc4 b5 16. Bd3 Nb4 17. Kb1 Qd5 18. c4 bxc4 19. Bxc4 Qd6 20. g5 hxg5 21.
Nhxg5 a3 22. b3 Ba6 23. Ne5 Bxc4 24. Qxc4 Nfd5 25. Ne4 Qe7 26. h4 Rfb8 27. Rh3
f5 28. Nc5 Ra5 29. Rg1 Nxa2 30. Kxa2 Nb4+ 31. Ka1 Rd8 32. Rhg3 Rxd4 33. Rxg7+
Qxg7 34. Rxg7+ Kxg7 35. Nxe6+ Kh8 36. Nxd4 Rxe5 37. Qxb4 c5 38. Qb8+ Kh7 39.
Qxe5 1-0

[Event "Titled Tue 17th Jun Early"]
[Site "chess.com INT"]
[Date "2025.06.17"]
[Round "5"]
[White "Sahbudak, Baris Cinar"]
[Black "Matyakubov, Miraziz"]
[Result "1-0"]
[WhiteTitle "CM"]
[BlackTitle "CM"]
[WhiteElo "2072"]
[BlackElo "2278"]
[WhiteFideId "26351633"]
[BlackFideId "14215772"]
[EventDate "2025.06.17"]

1. e4 e5 2. Nc3 Nf6 3. Bc4 Nxe4 4. Qh5 Nd6 5. Bb3 g6 6. Qxe5+ Qe7 7. Qxe7+ Bxe7
8. Nf3 Nc6 9. d3 Na5 10. O-O O-O 11. Bh6 Re8 12. Rfe1 Nxb3 13. axb3 c6 14. Re2
f6 15. Rae1 Kf7 16. Bf4 Nf5 17. g4 Ng7 18. Ne4 d5 19. Nd6+ Bxd6 20. Bxd6 Bxg4
21. Re7+ Kg8 22. Nd4 Rad8 23. Ba3 Bd7 24. Bd6 Bc8 25. Ba3 Rxe7 26. Rxe7 Rd7 27.
Re2 Kf7 28. f4 Rc7 29. Bd6 Re7 30. Rxe7+ Kg8 31. Rc7 Be6 32. Rxg7+ Kxg7 33.
Nxe6+ Kf7 34. Nd8+ Ke8 35. Nxb7 1-0

[Event "Titled Tue 17th Jun Early"]
[Site "chess.com INT"]
[Date "2025.06.17"]
[Round "5"]
[White "Hansen, Eric"]
[Black "Sarana, Alexey"]
[Result "0-1"]
[WhiteTitle "GM"]
[BlackTitle "GM"]
[WhiteElo "2609"]
[BlackElo "2686"]
[WhiteFideId "2606771"]
[BlackFideId "24133795"]
[EventDate "2025.06.17"]

1. e4 c5 2. Nf3 d6 3. d4 cxd4 4. Nxd4 Nf6 5. Nc3 a6 6. Be3 e5 7. Nb3 Be6 8. h3
Be7 9. Qf3 Nbd7 10. O-O-O Rc8 11. Nd5 Bxd5 12. exd5 Nb6 13. Kb1 Nc4 14. Bc1 Qc7
15. Bd3 O-O 16. g4 Rfe8 17. Bf5 e4 18. Qe2 Nd7 19. g5 g6 20. Bxe4 Bf8 21. h4 Bg7
22. f3 Ndb6 23. Rd3 Na4 24. c3 b5 25. Rh2 b4 26. cxb4 Naxb2 27. Bxb2 Nxb2 28.
Qc2 Qb6 29. Qd2 Nc4 30. Qc1 Qxb4 31. Rc2 Na3+ 0-1

[Event "Titled Tue 17th Jun Early"]
[Site "chess.com INT"]
[Date "2025.06.17"]
[Round "5"]
[White "Tin, Jingyao"]
[Black "Sharapov, Yevhen"]
[Result "1/2-1/2"]
[WhiteTitle "GM"]
[BlackTitle "GM"]
[WhiteElo "2583"]
[BlackElo "2375"]
[WhiteFideId "5804418"]
[BlackFideId "14103133"]
[EventDate "2025.06.17"]

1. d4 d5 2. c4 c6 3. Nf3 Nf6 4. e3 Bg4 5. h3 Bxf3 6. Qxf3 e6 7. a3 Nbd7 8. Nc3
Bd6 9. g4 h6 10. h4 Qe7 11. g5 hxg5 12. hxg5 Rxh1 13. Qxh1 Ng8 14. Qh7 Qf8 15.
cxd5 exd5 16. Bh3 O-O-O 17. Bd2 Kb8 18. O-O-O Nb6 19. Qc2 Nc4 20. Bf1 Nxd2 21.
Qxd2 Qe7 22. g6 fxg6 23. Bd3 g5 24. Rg1 Nf6 25. Kb1 g4 26. Bf5 g3 27. fxg3 Re8
28. g4 Qxe3 29. Qxe3 Rxe3 30. g5 Ne4 31. Bxe4 dxe4 32. Rg4 Re1+ 33. Kc2 e3 34.
Kd3 Kc7 35. Ne2 Rb1 36. Kc2 Rf1 37. Kd3 Rb1 38. Kc2 Rf1 39. Kd3 Rb1 1/2-1/2

[Event "Titled Tue 17th Jun Early"]
[Site "chess.com INT"]
[Date "2025.06.17"]
[Round "5"]
[White "Bratovic, Blaz"]
[Black "Stemmler, Fabian"]
[Result "1-0"]
[WhiteTitle "IM"]
[BlackTitle "CM"]
[WhiteElo "2319"]
[BlackElo "2190"]
[WhiteFideId "14603551"]
[BlackFideId "12964808"]
[EventDate "2025.06.17"]

1. e4 c5 2. Nf3 Nc6 3. Bb5 Nf6 4. Nc3 Qc7 5. Bxc6 Qxc6 6. Qe2 d6 7. d4 cxd4 8.
Nxd4 Qc7 9. Bg5 a6 10. Bxf6 gxf6 11. Nd5 Qc5 12. O-O-O Be6 13. Nf5 Rc8 14. Kb1
h5 15. h4 b5 16. Rhe1 Bh6 17. Ndxe7 Bf4 18. Nxc8 Bxc8 19. g3 Be5 20. f4 Bxb2 21.
Nxd6+ Ke7 22. Nf5+ Bxf5 23. exf5+ Kf8 24. Rd7 Kg7 25. Qe7 Qc4 26. Re6 Rf8 27.
Kxb2 a5 28. Qxf6+ Kg8 29. Qg5+ Kh8 30. Rh6# 1-0

[Event "Titled Tue 17th Jun Early"]
[Site "chess.com INT"]
[Date "2025.06.17"]
[Round "5"]
[White "Bulgak, Damir"]
[Black "Perry, Patrick"]
[Result "1-0"]
[WhiteTitle "CM"]
[WhiteElo "2213"]
[BlackElo "2296"]
[WhiteFideId "13528882"]
[BlackFideId "30917727"]
[EventDate "2025.06.17"]

1. d4 Nf6 2. Nf3 c5 3. d5 e6 4. c4 exd5 5. cxd5 d6 6. Nc3 g6 7. e4 Bg7 8. Bg5 h6
9. Bh4 O-O 10. Nd2 a6 11. a4 Nbd7 12. Be2 Re8 13. O-O Qc7 14. f4 Rb8 15. Qc2 Nh7
16. Rae1 Ndf6 17. Bd3 Bd7 18. e5 dxe5 19. fxe5 Ng4 20. d6 Qc8 21. Nc4 Nxe5 22.
Nxe5 Rxe5 23. Rxe5 Bxe5 24. Nd5 Qe8 25. Nc7 Bd4+ 26. Kh1 Qe5 27. Bg3 1-0

[Event "Titled Tue 17th Jun Early"]
[Site "chess.com INT"]
[Date "2025.06.17"]
[Round "5"]
[White "Yelisieiev, Yevhenii"]
[Black "Nayem, Haque"]
[Result "0-1"]
[WhiteTitle "IM"]
[BlackTitle "FM"]
[WhiteElo "2412"]
[BlackElo "2180"]
[WhiteFideId "14139642"]
[BlackFideId "10217754"]
[EventDate "2025.06.17"]

1. d4 d5 2. Nf3 Nf6 3. e3 e6 4. Bd3 c5 5. b3 Nc6 6. Bb2 Be7 7. a3 O-O 8. Nbd2
cxd4 9. exd4 b6 10. Ne5 Bb7 11. f4 Ne4 12. O-O f5 13. Rf3 Rc8 14. Rh3 Nxe5 15.
fxe5 Bg5 16. Nf3 Be3+ 17. Kf1 f4 18. Qe2 Qe7 19. Bc1 g5 20. Bxe3 fxe3 21. g4 Rf4
22. Qxe3 Rcf8 23. Ke2 Rxg4 24. Rg1 Rxg1 25. Qxg1 Kh8 26. Qg4 Rf4 27. Qh5 g4 28.
Rh4 gxf3+ 29. Kf1 Rxh4 0-1

[Event "Titled Tue 17th Jun Early"]
[Site "chess.com INT"]
[Date "2025.06.17"]
[Round "5"]
[White "Dubnevych, Maksym"]
[Black "Sakmak, Kutay"]
[Result "1-0"]
[WhiteTitle "FM"]
[BlackTitle "CM"]
[WhiteElo "2296"]
[BlackElo "2158"]
[WhiteFideId "14184001"]
[BlackFideId "44581939"]
[EventDate "2025.06.17"]

1. Nc3 e5 2. Nf3 Nc6 3. d4 exd4 4. Nxd4 Bc5 5. Nf5 Qf6 6. g4 Nge7 7. Ne4 Bb4+ 8.
c3 Qe5 9. Nfg3 Ba5 10. f4 Qe6 11. f5 Qe5 12. Bg2 d5 13. Nf2 Bb6 14. Nd3 Qd6 15.
Bf4 Qd8 16. Qd2 d4 17. c4 a5 18. O-O h5 19. Nxh5 Nxf5 20. c5 Ba7 21. Bg5 f6 22.
Nxg7+ Nxg7 23. Bxf6 Qd7 24. Qg5 O-O 25. Bd5+ Kh7 26. Qh4+ Kg6 27. Be4+ Kf7 28.
Bxg7+ Kxg7 29. Qh7# 1-0

[Event "Titled Tue 17th Jun Early"]
[Site "chess.com INT"]
[Date "2025.06.17"]
[Round "5"]
[White "Dominguez Exposito, Ibon"]
[Black "Shimanov, Aleksandr"]
[Result "0-1"]
[WhiteTitle "CM"]
[BlackTitle "GM"]
[WhiteElo "2201"]
[BlackElo "2578"]
[WhiteFideId "54589452"]
[BlackFideId "4198603"]
[EventDate "2025.06.17"]

1. d4 d5 2. c4 dxc4 3. Nf3 Nf6 4. e3 Be6 5. Nc3 c5 6. e4 Bg4 7. e5 Nfd7 8. Bxc4
e6 9. Ne4 cxd4 10. Bf4 Nc6 11. Nd6+ Bxd6 12. exd6 Qf6 13. Bg3 O-O 14. O-O e5 15.
Qb3 Qxd6 16. Nd2 Nc5 17. Qb5 a6 18. Qb6 Nd7 19. Qb3 b5 20. Bd3 Nc5 21. Qc2 Nb4
22. Bxh7+ Kh8 23. Qb1 g6 24. a3 Nc6 25. b4 Na4 26. Ne4 Qe7 27. Bxg6 fxg6 28. Qc1
Rac8 29. Qh6+ Qh7 30. Qg5 Bf5 31. Nd6 Rcd8 32. Nb7 Qxb7 0-1

[Event "Titled Tue 17th Jun Early"]
[Site "chess.com INT"]
[Date "2025.06.17"]
[Round "5"]
[White "Sahib, Singh"]
[Black "Chen, Yidong"]
[Result "1-0"]
[WhiteTitle "FM"]
[WhiteElo "2407"]
[BlackElo "2074"]
[WhiteFideId "25618342"]
[BlackFideId "8607028"]
[EventDate "2025.06.17"]

1. e4 c5 2. Nc3 d6 3. d4 cxd4 4. Qxd4 Nc6 5. Qd2 g6 6. b3 Bg7 7. Bb2 Nf6 8.
O-O-O O-O 9. h4 h5 10. f3 Ne5 11. Nh3 a6 12. Ng5 b5 13. a4 b4 14. Na2 a5 15.
Bxe5 Bd7 16. Bb2 Qc7 17. f4 Bg4 18. Be2 Bxe2 19. Qxe2 Rac8 20. e5 Ng4 21. e6
Bxb2+ 22. Kxb2 f6 23. Nf3 Qb6 24. Rd2 Kg7 25. Re1 Rc7 26. f5 gxf5 27. Nd4 Rc5
28. Rf1 Rfc8 29. Nxf5+ Kf8 30. Qd3 Qc6 31. Nd4 Ne5 32. Qh7 1-0

[Event "Titled Tue 17th Jun Early"]
[Site "chess.com INT"]
[Date "2025.06.17"]
[Round "5"]
[White "Mecit, Emre"]
[Black "Toroptseva, Yevheniia"]
[Result "1-0"]
[BlackTitle "WFM"]
[WhiteElo "2007"]
[BlackElo "2104"]
[WhiteFideId "6304214"]
[BlackFideId "34109374"]
[EventDate "2025.06.17"]

1. e4 c5 2. Nf3 e6 3. c3 d5 4. exd5 exd5 5. d4 Nf6 6. g3 Be7 7. Bg2 O-O 8. O-O
Nc6 9. Re1 Ne4 10. h3 Be6 11. Nbd2 f5 12. Nf1 Qb6 13. dxc5 Bxc5 14. Be3 Bxe3 15.
Nxe3 Qxb2 16. Re2 Qxc3 17. Nxd5 Bxd5 18. Qxd5+ Kh8 19. Rae1 Rad8 20. Qb5 Rd3 21.
Nh4 Qd4 22. Nxf5 Qd7 23. Bxe4 Rd2 24. Rxd2 Qxd2 25. Qe2 Qd7 26. Qg4 Ne5 27. Qg5
Qe7 28. Qxe7 1-0

[Event "Titled Tue 17th Jun Early"]
[Site "chess.com INT"]
[Date "2025.06.17"]
[Round "5"]
[White "Rothuis, Vincent"]
[Black "Yatskar, Martin"]
[Result "1-0"]
[WhiteTitle "IM"]
[BlackTitle "CM"]
[WhiteElo "2346"]
[BlackElo "2225"]
[WhiteFideId "1011936"]
[BlackFideId "34109676"]
[EventDate "2025.06.17"]

1. Nc3 d5 2. Nf3 c5 3. e4 d4 4. Ne2 Nc6 5. c3 e5 6. Ng3 Qd6 7. Bc4 Nge7 8. Ng5
Nd8 9. Qb3 f6 10. Nf7 Nxf7 11. Bxf7+ Kd8 12. cxd4 Qxd4 13. O-O Nc6 14. Bd5 g6
15. Bxc6 bxc6 16. d3 Qd7 17. Be3 Bd6 18. Rac1 Qe6 19. Qa4 Rb8 20. Bxc5 Rxb2 21.
Bxd6 Qxd6 22. Rxc6 Qxd3 23. Rd1 Rb1 24. Qa5+ Ke7 25. Qc5+ Kf7 26. Rc7+ Bd7 27.
Rxd7+ Qxd7 28. Qc4+ Kg7 29. Rxb1 Rc8 30. Qe2 h5 31. h3 h4 32. Nf1 Rc7 33. Ne3
Qd4 34. Nd5 Rd7 35. Rd1 Qc5 36. Ne3 Rd4 37. Qg4 Kf7 38. Rb1 Rb4 39. Qd7+ Kg8 40.
Qd8+ Kg7 41. Rxb4 Qxb4 42. Qxf6+ Kh6 43. Qh8+ Kg5 44. Qxe5+ Kh6 45. Qh8+ Kg5 46.
f4+ Kxf4 47. Nd5+ Kg3 48. Qe5# 1-0

[Event "Titled Tue 17th Jun Early"]
[Site "chess.com INT"]
[Date "2025.06.17"]
[Round "5"]
[White "Yezhel, Valiantsin"]
[Black "Zmijanac, Dusko"]
[Result "1-0"]
[WhiteTitle "FM"]
[BlackTitle "FM"]
[WhiteElo "2256"]
[BlackElo "2007"]
[WhiteFideId "13504983"]
[BlackFideId "908762"]
[EventDate "2025.06.17"]

1. d4 c5 2. d5 Nf6 3. c4 g6 4. Nc3 Bg7 5. e4 d6 6. Nf3 O-O 7. Bd3 Na6 8. O-O Rb8
9. h3 Nc7 10. Bf4 Bd7 11. a4 b6 12. Qd2 a6 13. e5 Nfe8 14. Rfe1 b5 15. axb5 axb5
16. b3 bxc4 17. bxc4 Rb4 18. Ra7 Bf5 19. Bxf5 gxf5 20. Qd3 Qb8 21. Ra3 Rb3 22.
Rxb3 Qxb3 23. Rb1 Qa3 24. Rb7 Qa8 25. Qb1 Qa5 26. Nb5 Nxb5 27. Qxb5 Qa1+ 28. Kh2
dxe5 29. Rxe7 exf4 30. Rxe8 Qa2 31. d6 Qxf2 32. d7 Qg3+ 33. Kh1 Bf6 34. Qb8 Qg7
35. d8=Q Bxd8 36. Qxd8 h6 37. Ne5 Rxe8 38. Qxe8+ Qf8 39. Qxf8+ Kxf8 40. Nd7+ Ke7
41. Nxc5 Kd6 42. Nd3 h5 43. Kg1 h4 44. Kf2 1-0

[Event "Titled Tue 17th Jun Early"]
[Site "chess.com INT"]
[Date "2025.06.17"]
[Round "5"]
[White "Chan, Mark"]
[Black "Garde, Guillaume"]
[Result "1-0"]
[WhiteTitle "FM"]
[BlackTitle "CM"]
[WhiteElo "2179"]
[BlackElo "2211"]
[WhiteFideId "5800560"]
[BlackFideId "45138273"]
[EventDate "2025.06.17"]

1. e4 c6 2. d4 d5 3. e5 c5 4. dxc5 e6 5. Be3 Nd7 6. Nf3 Bxc5 7. Bd4 Qb6 8. Bxc5
Qxc5 9. c3 Ne7 10. Bd3 Ng6 11. Bxg6 fxg6 12. O-O O-O 13. Nbd2 Qc7 14. Qe2 b6 15.
Nb3 a5 16. Rfe1 Ba6 17. Qe3 Rf5 18. Nbd4 Rf7 19. Nxe6 Qc8 20. Neg5 Re7 21. Qd4
Bb7 22. Nxh7 Kxh7 23. Qh4+ Kg8 24. Qxe7 Nc5 25. Rad1 Qf8 26. Qh4 Ne4 27. Rxe4
dxe4 28. Ng5 Qf5 29. Qh7+ Kf8 30. Qh8+ Ke7 31. Qxg7+ Ke8 32. Qxb7 Rc8 33. e6 Rc5
34. Qd7+ Kf8 35. e7+ Kg7 36. e8=Q+ 1-0

[Event "Titled Tue 17th Jun Early"]
[Site "chess.com INT"]
[Date "2025.06.17"]
[Round "5"]
[White "Aaradhya Das"]
[Black "Zahn, Wolfgang"]
[Result "1-0"]
[WhiteTitle "WCM"]
[BlackTitle "FM"]
[WhiteElo "1786"]
[BlackElo "2280"]
[WhiteFideId "33361436"]
[BlackFideId "4620984"]
[EventDate "2025.06.17"]

1. e4 c5 2. Nc3 a6 3. d4 cxd4 4. Qxd4 Nc6 5. Qd2 g6 6. b3 Bh6 7. f4 Bg7 8. Bb2
d6 9. O-O-O Nf6 10. Nf3 Qa5 11. Nd5 Qxd2+ 12. Rxd2 Nxd5 13. Bxg7 Rg8 14. exd5
Rxg7 15. dxc6 bxc6 16. c4 Kd8 17. Bd3 c5 18. Be4 Rb8 19. Re1 Kc7 20. Bc2 f6 21.
Rde2 e5 22. fxe5 dxe5 23. Rd2 Rd7 24. Rxd7+ Bxd7 25. Nd2 Rf8 26. Ne4 Kb6 27. Rd1
Bc6 28. Rd6 f5 29. Ng5 Kc7 30. Rd1 Re8 31. Nxh7 Bxg2 32. Nf6 Re6 33. Nd5+ Kc6
34. b4 Bf3 35. Rf1 Be2 36. Ba4+ Kd6 37. bxc5+ Kxc5 38. Rg1 Bxc4 39. Ne3 Bxa2 40.
Kb2 Kb4 41. Bc2 Bc4 42. Nxc4 Kxc4 43. Bb3+ 1-0

[Event "Titled Tue 17th Jun Early"]
[Site "chess.com INT"]
[Date "2025.06.17"]
[Round "5"]
[White "Askarov, Bakhtiyar"]
[Black "Ersoz, Teoman Guney"]
[Result "1-0"]
[WhiteTitle "IM"]
[BlackTitle "CM"]
[WhiteElo "2297"]
[BlackElo "2052"]
[WhiteFideId "13701100"]
[BlackFideId "44537050"]
[EventDate "2025.06.17"]

1. Nf3 c5 2. c4 Nc6 3. Nc3 g6 4. d4 cxd4 5. Nxd4 Nf6 6. Nf3 Bg7 7. e4 O-O 8. Be2
d6 9. h3 a6 10. O-O Nd7 11. Be3 Nc5 12. Nd4 Ne6 13. Nxe6 Bxe6 14. Qd2 Qa5 15.
Rac1 Rfc8 16. Rfd1 b5 17. cxb5 axb5 18. Nd5 Bxd5 19. exd5 Qxd2 20. Rxd2 Na7 21.
Rdc2 Rxc2 22. Rxc2 Rc8 23. Rxc8+ Nxc8 24. Bxb5 Bxb2 25. Ba6 e6 26. Bxc8 exd5 27.
a4 d4 28. Bd2 Bc3 29. Bf4 d3 30. Kf1 Kf8 31. Bxd6+ Ke8 32. Ba6 d2 33. Bb5+ Kd8
34. Ke2 f5 35. Bf4 1-0

[Event "Titled Tue 17th Jun Early"]
[Site "chess.com INT"]
[Date "2025.06.17"]
[Round "5"]
[White "Uzuner, Tufan Can"]
[Black "Lazaro Azcutia, Miguel"]
[Result "1-0"]
[WhiteTitle "CM"]
[BlackTitle "CM"]
[WhiteElo "1909"]
[BlackElo "2275"]
[WhiteFideId "6300499"]
[BlackFideId "54538254"]
[EventDate "2025.06.17"]

1. d4 d5 2. Nf3 Nf6 3. e3 e6 4. Bd3 b6 5. Nbd2 Bb7 6. Ne5 Bd6 7. f4 O-O 8. Qf3
c5 9. c3 Nc6 10. g4 Ne7 11. h4 Rc8 12. h5 Ne4 13. Nxe4 dxe4 14. Bxe4 Bxe4 15.
Qxe4 f5 16. gxf5 exf5 17. Qg2 Bxe5 18. fxe5 Nd5 19. Bd2 cxd4 20. exd4 b5 21.
O-O-O b4 22. Rh3 bxc3 23. Bxc3 Qd7 24. Kb1 Qa4 25. Qxd5+ Kh8 26. Rg1 Rfd8 27.
Qf7 Rg8 28. Qxf5 Qc4 29. Qd3 Qe6 30. Rhg3 Rcd8 31. h6 g6 32. Qf3 Rdf8 33. Qg4
Rf5 34. Rf3 1-0

[Event "Titled Tue 17th Jun Early"]
[Site "chess.com INT"]
[Date "2025.06.17"]
[Round "5"]
[White "Palczert, Matyas"]
[Black "Smieszek, Wojciech"]
[Result "1-0"]
[WhiteTitle "FM"]
[BlackTitle "CM"]
[WhiteElo "2396"]
[BlackElo "2141"]
[WhiteFideId "784958"]
[BlackFideId "1156047"]
[EventDate "2025.06.17"]

1. b3 e5 2. Bb2 Nc6 3. c4 Nf6 4. e3 d5 5. cxd5 Nxd5 6. a3 Be6 7. Qc2 Bd6 8. Be2
O-O 9. Nf3 f5 10. d3 Qe7 11. Nbd2 Rae8 12. Nc4 Bd7 13. b4 e4 14. dxe4 fxe4 15.
Nfd2 Ne5 16. Nxd6 cxd6 17. Qxe4 Bc6 18. Bc4 Qf7 19. O-O b5 20. Ba2 Nc4 21. Qd4
Nxb2 22. Qxb2 Qg6 23. e4 Rxe4 24. Nxe4 Qxe4 25. Rac1 Ba8 26. f3 Qe3+ 27. Qf2
Qxa3 28. Rcd1 Rf5 29. Rfe1 h5 30. Re8+ Kh7 31. Rxa8 Ne3 32. Bb1 Nxd1 33. Bxf5+
g6 34. Rxa7+ Kh6 35. Rxa3 Nxf2 36. Kxf2 gxf5 37. Ra5 1-0

[Event "Titled Tue 17th Jun Early"]
[Site "chess.com INT"]
[Date "2025.06.17"]
[Round "5"]
[White "Radchenko, Alexey"]
[Black "Dehtiarov, Roman"]
[Result "1-0"]
[WhiteTitle "FM"]
[BlackTitle "FM"]
[WhiteElo "2290"]
[BlackElo "2416"]
[WhiteFideId "4192362"]
[BlackFideId "14186640"]
[EventDate "2025.06.17"]

1. d4 Nf6 2. Nf3 e6 3. Nbd2 c5 4. e3 Nc6 5. c3 b6 6. Bd3 Bb7 7. O-O Be7 8. a3
O-O 9. e4 d6 10. b4 Rc8 11. Bb2 cxd4 12. cxd4 Nh5 13. g3 g6 14. Qe2 Qd7 15. Rac1
a5 16. b5 Nb8 17. Nc4 Bd8 18. Rfd1 Qe7 19. e5 dxe5 20. dxe5 Bc7 21. Be4 Bxe4 22.
Qxe4 Rcd8 23. h4 Ng7 24. Qb7 Rxd1+ 25. Rxd1 Rd8 26. Rc1 Qc5 27. Nd6 Bxd6 28.
Rxc5 Bxc5 29. Bd4 Nf5 30. Qc7 Be7 31. Bxb6 Nd7 32. Bxa5 h5 33. Qa7 Bc5 34. Qc7
Ra8 35. Qxd7 Rxa5 36. Qc8+ Kg7 37. Qxc5 1-0

[Event "Titled Tue 17th Jun Early"]
[Site "chess.com INT"]
[Date "2025.06.17"]
[Round "5"]
[White "Pham, Le Thao Nguyen"]
[Black "Rom, Jasper"]
[Result "1/2-1/2"]
[WhiteTitle "IM"]
[WhiteElo "2357"]
[BlackElo "2163"]
[WhiteFideId "12401226"]
[BlackFideId "2023733"]
[EventDate "2025.06.17"]

1. d4 d5 2. Nf3 e6 3. Bf4 Bd6 4. Bg3 Nf6 5. Nbd2 c5 6. e3 Qc7 7. c3 Nbd7 8. Bb5
O-O 9. Bxd7 Bxd7 10. O-O Ne4 11. Nxe4 dxe4 12. Ne5 Bb5 13. c4 Be8 14. b3 f6 15.
Ng4 h5 16. dxc5 Bxg3 17. hxg3 hxg4 18. Qxg4 f5 19. Qg5 Qxc5 20. Rfd1 Bc6 21. Rd4
Qe5 22. Rad1 Qf6 23. Qh5 Rad8 24. b4 a6 25. Qe2 e5 26. R4d2 Rxd2 27. Qxd2 Qe6
28. Qe2 Qe7 29. b5 axb5 30. cxb5 Be8 31. a4 Bf7 32. Qc2 Rd8 33. Rxd8+ Qxd8 34.
Qc5 Qd1+ 35. Kh2 Qd5 36. Qc8+ Kh7 37. Qxf5+ Bg6 38. Qg5 Qd1 39. Qe7 Qh5+ 40. Kg1
Qd1+ 41. Kh2 Qh5+ 42. Kg1 Qd1+ 43. Kh2 1/2-1/2

[Event "Titled Tue 17th Jun Early"]
[Site "chess.com INT"]
[Date "2025.06.17"]
[Round "5"]
[White "Willim, Michael"]
[Black "Safin Safarullakhan"]
[Result "1-0"]
[WhiteTitle "CM"]
[BlackTitle "CM"]
[WhiteElo "2024"]
[BlackElo "2028"]
[WhiteFideId "4632435"]
[BlackFideId "33379475"]
[EventDate "2025.06.17"]

1. c4 e6 2. Nf3 d5 3. g3 Nf6 4. Bg2 Be7 5. O-O O-O 6. b3 c5 7. cxd5 Nxd5 8. d4
cxd4 9. Nxd4 Nc6 10. Nxc6 bxc6 11. Bb2 Ba6 12. Qc2 Nb4 13. Qe4 Qd7 14. Nc3 f5
15. Qf3 Bf6 16. Rfd1 Qe7 17. Rd2 e5 18. e4 Bg5 19. Rdd1 Nc2 20. exf5 Nxa1 21.
Bxa1 Rad8 22. Rxd8 Rxd8 23. Qxc6 Qa3 24. h4 Qc1+ 25. Kh2 Bf6 26. Qxa6 Qxa1 27.
Ne4 Rf8 28. Qxa7 Qd4 29. Qb7 h6 30. h5 Bg5 31. Nxg5 hxg5 32. Qd5+ Qxd5 33. Bxd5+
Kh7 34. a4 Kh6 35. a5 1-0